धाडसाची धवल भूमी (Record no. 403889)

MARC details
000 -LEADER
fixed length control field 00472nam a2200145Ia 4500
008 - FIXED-LENGTH DATA ELEMENTS--GENERAL INFORMATION
fixed length control field 100122s9999 xx 000 0 und d
082 ## - DEWEY DECIMAL CLASSIFICATION NUMBER
Item number 12921
Classification number 998.9
100 ## - MAIN ENTRY--PERSONAL NAME
Personal name गलगली बा कृ
245 ## - TITLE STATEMENT
Title धाडसाची धवल भूमी
260 ## - PUBLICATION, DISTRIBUTION, ETC. (IMPRINT)
Name of publisher, distributor, etc नवलेखन प्रकाशन
Date of publication, distribution, etc 1961
300 ## - PHYSICAL DESCRIPTION
Extent 204
630 ## - SUBJECT ADDED ENTRY--UNIFORM TITLE
Uniform title धाडसाची धवल भूमी
730 ## - ADDED ENTRY--UNIFORM TITLE
Uniform title धाडसाची धवल भूमी
942 ## - ADDED ENTRY ELEMENTS (KOHA)
Koha item type Book

No items available.